[Event "European Rapid Championship 2021"]
[Site "Katowice"]
[Date "2021.12.19"]
[Round "9.24"]
[White "Krawczyk, Wojciech"]
[Black "Szpar, Milosz"]
[Result "0-1"]
[WhiteElo "1868"]
[BlackElo "2315"]
[Annotator "NA"]
[PlyCount "86"]
[EventDate "2021.12.18"]
[EventType "swiss"]
[EventCountry "POL"]
[SourceTitle "playchess.com"]
[Source "ChessBase"]
[SourceQuality "1"]
[TimeControl "900+10"]

1. d4 {[%emt 0:00:02]} Nf6 {[%emt 0:00:02]} 2. c4 {[%emt 0:00:02]} e6 {[%emt 0:
00:03]} 3. Nc3 {[%emt 0:00:03]} Bb4 {[%emt 0:00:13]} 4. Bd2 {[%emt 0:00:23]}
O-O {[%emt 0:00:08]} 5. Nf3 {[%emt 0:00:02]} d5 {[%emt 0:00:11]} 6. e3 {
[%emt 0:00:16]} b6 {[%emt 0:00:08]} 7. a3 {[%emt 0:00:09]} Bd6 {[%emt 0:00:20]}
8. b4 {[%emt 0:01:01]} c5 {[%emt 0:01:11]} 9. bxc5 {[%emt 0:00:17]} bxc5 {
[%emt 0:00:02]} 10. cxd5 {[%emt 0:00:07]} exd5 {[%emt 0:00:23]} 11. dxc5 {
[%emt 0:00:44]} Bxc5 {[%emt 0:00:02]} 12. Na4 {[%emt 0:00:23]} Bd6 {[%emt 0:00:
13]} 13. Bb4 {[%emt 0:01:07]} Nc6 {[%emt 0:00:23]} 14. Bxd6 {[%emt 0:00:43]}
Qxd6 {[%emt 0:00:02]} 15. Be2 {[%emt 0:00:44]} Bd7 {[%emt 0:00:09]} 16. O-O {
[%emt 0:00:07]} Rfd8 {[%emt 0:00:14]} 17. Nc3 {[%emt 0:00:05]} Rac8 {[%emt 0:
00:26]} 18. Nb5 {[%emt 0:00:22]} Qe7 {[%emt 0:00:11]} 19. Qd2 {[%emt 0:00:47]}
Ne4 {[%emt 0:01:44]} 20. Qxd5 {[%emt 0:01:54]} Bg4 {[%emt 0:00:30]} 21. Qa2 {
[%emt 0:00:50]} a6 {[%emt 0:01:38]} 22. Nbd4 {[%emt 0:01:44]} Nxd4 {[%emt 0:00:
25]} 23. Nxd4 {[%emt 0:00:08]} Nc3 {[%emt 0:00:30]} 24. Qb2 {[%emt 0:00:14]}
Rxd4 {[%emt 0:01:05]} 25. Bxa6 {[%emt 0:01:24]} Rdd8 {[%emt 0:00:59]} 26. Bxc8
{[%emt 0:00:06]} Rxc8 {[%emt 0:00:03]} 27. Rac1 {[%emt 0:01:38]} Qf6 {[%emt 0:
01:30]} 28. f3 {[%emt 0:01:02]} Bd7 {[%emt 0:00:24]} 29. Rc2 {[%emt 0:00:10]}
Ba4 {[%emt 0:00:29]} 30. Rcc1 {[%emt 0:00:16]} h5 {[%emt 0:00:27]} 31. Rfe1 {
[%emt 0:01:14]} h4 {[%emt 0:00:33]} 32. h3 {[%emt 0:00:23]} Rc4 {[%emt 0:00:07]
} 33. e4 {[%emt 0:00:55]} Qe5 {[%emt 0:01:01]} 34. Kh1 {[%emt 0:00:45]} Qc7 {
[%emt 0:00:32]} 35. Re3 {[%emt 0:00:31]} Nxe4 {[%emt 0:00:35]} 36. Rxc4 {
[%emt 0:00:16]} Ng3+ {[%emt 0:00:02]} 37. Kg1 {[%emt 0:00:02]} Qxc4 {[%emt 0:
00:02]} 38. Qb1 {[%emt 0:00:18]} Qd4 {[%emt 0:00:34]} 39. Qb8+ {[%emt 0:00:09]}
Kh7 {[%emt 0:00:06]} 40. Qe5 {[%emt 0:00:05]} Qc4 {[%emt 0:00:37]} 41. Re1 {
[%emt 0:00:10]} f6 {[%emt 0:00:37]} 42. Qe3 {[%emt 0:00:12]} Bb5 {[%emt 0:00:
13]} 43. Kh2 {[%emt 0:00:14]} g5 0-1

[Event "European Rapid Championship 2021"]
[Site "Katowice"]
[Date "2021.12.19"]
[Round "9.25"]
[White "Sharankov, Grigory"]
[Black "Malczyk, Radoslaw"]
[Result "1-0"]
[WhiteElo "2220"]
[BlackElo "1926"]
[Annotator "NA"]
[PlyCount "123"]
[EventDate "2021.12.18"]
[EventType "swiss"]
[EventCountry "POL"]
[SourceTitle "playchess.com"]
[Source "ChessBase"]
[SourceQuality "1"]
[TimeControl "900+10"]

1. c4 {[%emt 0:00:02]} Nf6 {[%emt 0:00:01]} 2. Nc3 {[%emt 0:00:01]} g6 {
[%emt 0:00:01]} 3. e4 {[%emt 0:00:02]} d6 {[%emt 0:00:01]} 4. d4 {[%emt 0:00:
02]} Bg7 {[%emt 0:00:01]} 5. Nf3 {[%emt 0:00:01]} O-O {[%emt 0:00:02]} 6. Be2 {
[%emt 0:00:02]} e5 {[%emt 0:00:00]} 7. dxe5 {[%emt 0:00:10]} dxe5 {[%emt 0:00:
02]} 8. Qxd8 {[%emt 0:00:03]} Rxd8 {[%emt 0:00:01]} 9. Bg5 {[%emt 0:00:02]} Rf8
{[%emt 0:00:28]} 10. Nd5 {[%emt 0:03:15]} Nxd5 {[%emt 0:00:27]} 11. cxd5 {
[%emt 0:00:01]} c6 {[%emt 0:00:02]} 12. Bc4 {[%emt 0:00:03]} b5 {[%emt 0:00:10]
} 13. Bb3 {[%emt 0:00:08]} Bb7 {[%emt 0:01:32]} 14. Rc1 {[%emt 0:02:04]} Rc8 {
[%emt 0:00:20]} 15. O-O {[%emt 0:01:36]} c5 {[%emt 0:00:07]} 16. Rfd1 {[%emt 0:
02:23]} c4 {[%emt 0:00:13]} 17. Bc2 {[%emt 0:00:02]} f6 {[%emt 0:00:08]} 18.
Be3 {[%emt 0:00:09]} Bf8 {[%emt 0:00:38]} 19. g4 {[%emt 0:01:07]} g5 {[%emt 0:
00:45]} 20. Nd2 {[%emt 0:01:09]} Bc5 {[%emt 0:02:03]} 21. Nf1 {[%emt 0:00:02]}
Nd7 {[%emt 0:00:15]} 22. Ng3 {[%emt 0:00:16]} Bxe3 {[%emt 0:01:04]} 23. fxe3 {
[%emt 0:00:01]} a5 {[%emt 0:00:20]} 24. Nf5 {[%emt 0:00:06]} Rc5 {[%emt 0:00:
42]} 25. Kf2 {[%emt 0:01:03]} Bc8 {[%emt 0:00:17]} 26. d6 {[%emt 0:01:36]} Nf8
{[%emt 0:00:29]} 27. Kf3 {[%emt 0:01:05]} Bxf5 {[%emt 0:00:14]} 28. exf5 {
[%emt 0:00:01]} Nd7 {[%emt 0:00:47]} 29. Be4 {[%emt 0:00:02]} Ra7 {[%emt 0:00:
01]} 30. a4 {[%emt 0:00:24]} Nb6 {[%emt 0:00:56]} 31. axb5 {[%emt 0:00:16]}
Rxb5 {[%emt 0:01:29]} 32. Bc6 {[%emt 0:00:14]} Rxb2 {[%emt 0:00:01]} 33. d7 {
[%emt 0:00:03]} Nxd7 {[%emt 0:00:02]} 34. Bxd7 {[%emt 0:00:12]} Rxh2 {[%emt 0:
00:18]} 35. Rxc4 {[%emt 0:01:03]} h5 {[%emt 0:00:09]} 36. gxh5 {[%emt 0:00:24]}
Rxh5 {[%emt 0:00:02]} 37. Be6+ {[%emt 0:00:30]} Kg7 {[%emt 0:00:03]} 38. Rd8 {
[%emt 0:00:05]} Rh3+ {[%emt 0:00:09]} 39. Ke2 {[%emt 0:00:04]} Rh8 {[%emt 0:00:
27]} 40. Rxh8 {[%emt 0:00:23]} Kxh8 {[%emt 0:00:01]} 41. Ra4 {[%emt 0:00:03]}
Kg7 {[%emt 0:00:04]} 42. Kf3 {[%emt 0:00:00]} Kh6 {[%emt 0:00:09]} 43. Kg4 {
[%emt 0:00:28]} Ra6 {[%emt 0:00:05]} 44. Bf7 {[%emt 0:00:25]} Kg7 {[%emt 0:00:
04]} 45. Ba2 {[%emt 0:00:18]} Kh6 {[%emt 0:00:04]} 46. Rc4 {[%emt 0:00:08]} Rb6
{[%emt 0:01:17]} 47. Rc7 {[%emt 0:00:16]} Rb4+ {[%emt 0:00:04]} 48. Kg3 {
[%emt 0:00:02]} g4 {[%emt 0:00:23]} 49. Bd5 {[%emt 0:00:57]} Kg5 {[%emt 0:00:
09]} 50. Rg7+ {[%emt 0:00:02]} Kxf5 {[%emt 0:00:08]} 51. e4+ {[%emt 0:00:02]}
Rxe4 {[%emt 0:00:02]} 52. Bxe4+ {[%emt 0:00:01]} Kxe4 {[%emt 0:00:01]} 53.
Rxg4+ {[%emt 0:00:02]} Ke3 {[%emt 0:00:19]} 54. Ra4 {[%emt 0:00:30]} f5 {
[%emt 0:00:07]} 55. Rxa5 Ke4 {[%emt 0:00:28]} 56. Kf2 {[%emt 0:00:25]} Kf4 {
[%emt 0:00:04]} 57. Ke2 {[%emt 0:00:12]} e4 {[%emt 0:00:02]} 58. Rb5 {[%emt 0:
00:13]} Kg4 {[%emt 0:00:06]} 59. Ke3 {[%emt 0:00:04]} Kg5 {[%emt 0:00:04]} 60.
Rb8 {[%emt 0:00:04]} Kg4 {[%emt 0:00:06]} 61. Rg8+ {[%emt 0:00:03]} Kh3 {
[%emt 0:00:00]} 62. Rg5 {[%emt 0:00:03]} 1-0

[Event "European Rapid Championship 2021"]
[Site "Katowice"]
[Date "2021.12.19"]
[Round "9.25"]
[White "Jedrusik, Adam"]
[Black "Wisniewski, Adrian"]
[Result "1/2-1/2"]
[WhiteElo "1769"]
[BlackElo "2351"]
[Annotator "NA"]
[PlyCount "96"]
[EventDate "2021.12.18"]
[EventType "swiss"]
[EventCountry "POL"]
[SourceTitle "playchess.com"]
[Source "ChessBase"]
[SourceQuality "1"]
[TimeControl "900+10"]

1. d4 {[%emt 0:00:01]} Nf6 {[%emt 0:00:04]} 2. Bg5 {[%emt 0:00:02]} Ne4 {
[%emt 0:00:37]} 3. Bf4 {[%emt 0:00:02]} d6 {[%emt 0:00:19]} 4. f3 {[%emt 0:00:
11]} Nf6 {[%emt 0:00:02]} 5. e4 {[%emt 0:00:01]} g6 {[%emt 0:00:02]} 6. c4 {
[%emt 0:00:12]} Bg7 {[%emt 0:00:01]} 7. Nc3 {[%emt 0:00:01]} O-O {[%emt 0:00:
19]} 8. Qd2 {[%emt 0:00:42]} a6 {[%emt 0:00:01]} 9. Nge2 {[%emt 0:00:14]} Nbd7
{[%emt 0:00:02]} 10. Bh6 {[%emt 0:00:25]} c5 {[%emt 0:00:16]} 11. Bxg7 {
[%emt 0:01:15]} Kxg7 {[%emt 0:00:04]} 12. d5 {[%emt 0:00:04]} b5 {[%emt 0:00:
15]} 13. cxb5 {[%emt 0:00:22]} Nb6 {[%emt 0:00:01]} 14. Nc1 {[%emt 0:01:49]}
axb5 {[%emt 0:01:16]} 15. Bxb5 {[%emt 0:00:02]} Ba6 {[%emt 0:00:05]} 16. Bxa6 {
[%emt 0:02:31]} Rxa6 {[%emt 0:00:03]} 17. O-O {[%emt 0:00:02]} Nfd7 {[%emt 0:
00:46]} 18. b3 {[%emt 0:00:12]} Qa8 {[%emt 0:02:32]} 19. N1e2 {[%emt 0:00:25]}
Kg8 {[%emt 0:01:02]} 20. f4 {[%emt 0:01:55]} Nf6 {[%emt 0:03:57]} 21. Rfe1 {
[%emt 0:02:50]} Rc8 {[%emt 0:00:31]} 22. Rad1 {[%emt 0:00:25]} Nfd7 {[%emt 0:
02:07]} 23. Kh1 {[%emt 0:01:24]} c4 {[%emt 0:01:41]} 24. b4 {[%emt 0:00:01]}
Na4 {[%emt 0:00:08]} 25. b5 {[%emt 0:01:22]} Nxc3 {[%emt 0:00:45]} 26. Nxc3 {
[%emt 0:00:03]} Ra3 {[%emt 0:00:01]} 27. e5 {[%emt 0:00:01]} Qa5 {[%emt 0:00:
05]} 28. Rc1 {[%emt 0:00:44]} Nc5 {[%emt 0:00:00]} 29. Rc2 {[%emt 0:00:31]} Nd3
{[%emt 0:00:26]} 30. Re4 {[%emt 0:00:01]} Nb4 {[%emt 0:00:45]} 31. Rb2 {
[%emt 0:00:02]} Nd3 {[%emt 0:00:08]} 32. Rc2 {[%emt 0:00:02]} Rxc3 {[%emt 0:00:
49]} 33. Rxc3 {[%emt 0:00:18]} Nf2+ {[%emt 0:00:01]} 34. Qxf2 {[%emt 0:00:01]}
Qxc3 {[%emt 0:00:01]} 35. exd6 {[%emt 0:00:37]} exd6 {[%emt 0:00:01]} 36. h3 {
[%emt 0:00:00]} Qd3 {[%emt 0:00:11]} 37. Qd4 {[%emt 0:01:23]} Qb1+ {[%emt 0:00:
04]} 38. Kh2 {[%emt 0:00:01]} Qxb5 {[%emt 0:00:00]} 39. Qc3 {[%emt 0:00:01]}
Qxd5 {[%emt 0:00:04]} 40. Rd4 {[%emt 0:00:01]} Qc5 {[%emt 0:00:02]} 41. a4 {
[%emt 0:00:14]} d5 {[%emt 0:00:01]} 42. f5 {[%emt 0:00:02]} Re8 {[%emt 0:00:10]
} 43. Rd1 {[%emt 0:00:35]} Rd8 {[%emt 0:00:58]} 44. Rd4 {[%emt 0:00:08]} Qd6+ {
[%emt 0:00:07]} 45. Kh1 {[%emt 0:00:01]} Qe5 {[%emt 0:00:02]} 46. fxg6 {
[%emt 0:00:08]} hxg6 {[%emt 0:00:01]} 47. Rxc4 {[%emt 0:00:14]} d4 {[%emt 0:00:
54]} 48. Qd3 {[%emt 0:00:21]} Qe1+ {[%emt 0:00:20]} 1/2-1/2

[Event "European Rapid Championship 2021"]
[Site "Katowice"]
[Date "2021.12.19"]
[Round "9.26"]
[White "Fus, Jakub"]
[Black "Seemann, Jakub"]
[Result "1/2-1/2"]
[WhiteElo "2252"]
[BlackElo "1862"]
[Annotator "NA"]
[PlyCount "62"]
[EventDate "2021.12.18"]
[EventType "swiss"]
[EventCountry "POL"]
[SourceTitle "playchess.com"]
[Source "ChessBase"]
[SourceQuality "1"]
[TimeControl "900+10"]

1. e4 {[%emt 0:00:01]} c5 {[%emt 0:00:18]} 2. Be2 {[%emt 0:00:02]} Nc6 {
[%emt 0:00:10]} 3. f4 {[%emt 0:00:02]} d6 {[%emt 0:00:07]} 4. Nf3 {[%emt 0:00:
02]} g6 {[%emt 0:00:03]} 5. O-O {[%emt 0:00:03]} Bg7 {[%emt 0:00:02]} 6. Na3 {
[%emt 0:00:31]} Nh6 {[%emt 0:00:45]} 7. c3 {[%emt 0:00:36]} f5 {[%emt 0:00:07]}
8. d3 {[%emt 0:00:29]} O-O {[%emt 0:00:04]} 9. Kh1 {[%emt 0:00:21]} Nf7 {
[%emt 0:00:17]} 10. exf5 {[%emt 0:00:12]} Bxf5 {[%emt 0:00:46]} 11. d4 {
[%emt 0:00:14]} cxd4 {[%emt 0:00:10]} 12. cxd4 {[%emt 0:00:01]} d5 {[%emt 0:00:
20]} 13. Be3 {[%emt 0:04:53]} Nd6 {[%emt 0:00:22]} 14. Qb3 {[%emt 0:00:58]} e6
{[%emt 0:00:09]} 15. Nb5 {[%emt 0:00:04]} Be4 {[%emt 0:01:43]} 16. Nxd6 {
[%emt 0:00:17]} Qxd6 {[%emt 0:00:02]} 17. Ne5 {[%emt 0:00:02]} Ne7 {[%emt 0:00:
30]} 18. Rac1 {[%emt 0:01:18]} Nf5 {[%emt 0:00:46]} 19. Kg1 {[%emt 0:00:24]}
Qb6 {[%emt 0:00:26]} 20. Qc3 {[%emt 0:01:29]} Nxe3 {[%emt 0:00:13]} 21. Qxe3 {
[%emt 0:00:01]} Bxe5 {[%emt 0:00:28]} 22. fxe5 {[%emt 0:00:03]} Qxb2 {[%emt 0:
00:22]} 23. a3 {[%emt 0:01:14]} Rac8 {[%emt 0:02:14]} 24. Rxc8 {[%emt 0:01:30]}
Rxc8 {[%emt 0:00:02]} 25. Qf2 {[%emt 0:00:01]} Bf5 {[%emt 0:00:09]} 26. g4 {
[%emt 0:00:09]} Rc2 {[%emt 0:00:27]} 27. gxf5 {[%emt 0:01:00]} Rxe2 {[%emt 0:
00:01]} 28. Qh4 {[%emt 0:00:07]} Re4 29. Qd8+ Kg7 30. f6+ Kh6 31. Qf8+ Kg5
1/2-1/2

[Event "European Rapid Championship 2021"]
[Site "Katowice"]
[Date "2021.12.19"]
[Round "9.26"]
[White "Jazdanovs, Aleksandrs"]
[Black "Golubovskis, Maksims"]
[Result "0-1"]
[WhiteElo "2089"]
[BlackElo "2210"]
[Annotator "NA"]
[PlyCount "36"]
[EventDate "2021.12.18"]
[EventType "swiss"]
[EventCountry "POL"]
[SourceTitle "playchess.com"]
[Source "ChessBase"]
[SourceQuality "1"]
[TimeControl "900+10"]

1. e4 {[%emt 0:00:01]} c5 {[%emt 0:00:00]} 2. c3 {[%emt 0:00:01]} Qa5 {[%emt 0:
00:20]} 3. Nf3 {[%emt 0:00:35]} g6 {[%emt 0:00:27]} 4. Bc4 {[%emt 0:04:19]} Bg7
{[%emt 0:01:06]} 5. O-O {[%emt 0:00:06]} Nh6 {[%emt 0:01:20]} 6. d4 {[%emt 0:
00:58]} O-O {[%emt 0:01:38]} 7. Bg5 {[%emt 0:00:26]} cxd4 {[%emt 0:01:27]} 8.
Qc1 {[%emt 0:02:30]} Ng4 {[%emt 0:04:20]} 9. Bxe7 {[%emt 0:00:16]} Re8 {
[%emt 0:00:16]} 10. Bb4 {[%emt 0:00:04]} Qh5 {[%emt 0:01:55]} 11. Qf4 {[%emt 0:
00:49]} Nh6 {[%emt 0:01:43]} 12. Ng5 {[%emt 0:00:41]} Be5 {[%emt 0:00:19]} 13.
Bxf7+ {[%emt 0:02:30]} Kg7 {[%emt 0:00:18]} 14. Bf8+ Kh8 15. Bxe8 {[%emt 0:03:
12]} Bxf4 {[%emt 0:00:06]} 16. g3 {[%emt 0:00:01]} Bxg5 {[%emt 0:00:43]} 17.
Bxh6 {[%emt 0:00:17]} Bxh6 {[%emt 0:00:15]} 18. cxd4 {[%emt 0:00:03]} Nc6 {
[%emt 0:00:01]} 0-1

[Event "European Rapid Championship 2021"]
[Site "Katowice"]
[Date "2021.12.19"]
[Round "9.27"]
[White "Diermair, Andreas"]
[Black "Solys, Laimutis"]
[Result "0-1"]
[WhiteElo "2408"]
[BlackElo "2300"]
[Annotator "NA"]
[PlyCount "136"]
[EventDate "2021.12.18"]
[EventType "swiss"]
[EventCountry "POL"]
[SourceTitle "playchess.com"]
[Source "ChessBase"]
[SourceQuality "1"]
[TimeControl "900+10"]

1. d4 {[%emt 0:00:01]} d5 {[%emt 0:00:05]} 2. c4 {[%emt 0:00:02]} e6 {[%emt 0:
00:01]} 3. Nc3 {[%emt 0:00:01]} dxc4 {[%emt 0:00:03]} 4. e4 {[%emt 0:00:13]} c5
{[%emt 0:00:03]} 5. d5 {[%emt 0:00:51]} Nf6 {[%emt 0:00:04]} 6. Bxc4 {[%emt 0:
01:21]} exd5 {[%emt 0:00:04]} 7. exd5 {[%emt 0:00:09]} Bd6 {[%emt 0:00:12]} 8.
Nf3 {[%emt 0:00:01]} O-O {[%emt 0:00:03]} 9. O-O {[%emt 0:00:03]} a6 {[%emt 0:
00:02]} 10. a4 {[%emt 0:00:02]} Bg4 {[%emt 0:00:02]} 11. h3 {[%emt 0:00:13]}
Bh5 {[%emt 0:00:34]} 12. Bg5 {[%emt 0:01:44]} Re8 {[%emt 0:00:04]} 13. g4 Bg6
14. Qb3 {[%emt 0:01:32]} Nbd7 {[%emt 0:04:39]} 15. Rfe1 {[%emt 0:00:14]} Qc7 {
[%emt 0:00:05]} 16. Kg2 {[%emt 0:00:05]} Ne4 {[%emt 0:01:04]} 17. Nxe4 {
[%emt 0:02:03]} Bxe4 {[%emt 0:00:04]} 18. Kg1 {[%emt 0:00:02]} Bxf3 {[%emt 0:
01:31]} 19. Qxf3 {[%emt 0:00:07]} Ne5 {[%emt 0:00:54]} 20. Qe4 {[%emt 0:02:25]}
h6 {[%emt 0:00:57]} 21. Be3 {[%emt 0:01:04]} Ng6 {[%emt 0:01:15]} 22. Qd3 {
[%emt 0:01:00]} Qd8 {[%emt 0:00:26]} 23. Bd2 {[%emt 0:01:16]} Qf6 {[%emt 0:03:
22]} 24. Re4 {[%emt 0:00:04]} Rxe4 {[%emt 0:00:02]} 25. Qxe4 {[%emt 0:00:37]}
Qxb2 {[%emt 0:00:43]} 26. Rd1 Kf8 27. Bc1 {[%emt 0:01:20]} Qc3 {[%emt 0:00:23]}
28. Qd3 {[%emt 0:00:34]} Qe5 {[%emt 0:00:08]} 29. Qg3 {[%emt 0:01:29]} Qf6 {
[%emt 0:00:03]} 30. f4 {[%emt 0:00:36]} Nxf4 {[%emt 0:00:18]} 31. Qf3 {[%emt 0:
00:09]} Re8 {[%emt 0:00:58]} 32. Bxf4 {[%emt 0:00:34]} Bxf4 {[%emt 0:01:37]}
33. d6 {[%emt 0:00:10]} Re3 34. Qf1 {[%emt 0:00:05]} Rg3+ {[%emt 0:00:25]} 35.
Kh1 {[%emt 0:00:13]} Qh4 36. Rd3 {[%emt 0:00:23]} Rxd3 {[%emt 0:00:26]} 37.
Qxd3 {[%emt 0:00:10]} Qf2 {[%emt 0:00:16]} 38. Qe2 {[%emt 0:00:02]} Qxe2 {
[%emt 0:00:11]} 39. Bxe2 {[%emt 0:00:02]} Bxd6 {[%emt 0:00:03]} 40. Kg2 {
[%emt 0:00:03]} Ke7 {[%emt 0:00:11]} 41. Kf3 {[%emt 0:00:01]} Bh2 {[%emt 0:00:
08]} 42. Ke4 {[%emt 0:00:07]} Kd6 {[%emt 0:00:03]} 43. Bc4 {[%emt 0:00:04]} Bg3
44. a5 {[%emt 0:00:05]} Be1 {[%emt 0:00:28]} 45. Bd5 {[%emt 0:00:02]} Bxa5 {
[%emt 0:00:03]} 46. Bxb7 {[%emt 0:00:01]} Be1 {[%emt 0:00:26]} 47. Bxa6 {
[%emt 0:00:07]} Ke6 {[%emt 0:00:00]} 48. Bc4+ {[%emt 0:00:13]} Kf6 49. Bb3 Kg5
{[%emt 0:00:09]} 50. Kf3 {[%emt 0:01:13]} f6 {[%emt 0:00:15]} 51. Bc4 {[%emt 0:
00:00]} g6 {[%emt 0:00:01]} 52. Bd3 {[%emt 0:00:05]} f5 {[%emt 0:00:03]} 53.
gxf5 {[%emt 0:00:01]} gxf5 {[%emt 0:00:01]} 54. Bc4 {[%emt 0:00:05]} Kf6 {
[%emt 0:00:04]} 55. Ke3 Ke5 56. Ba6 {[%emt 0:00:34]} Bh4 {[%emt 0:00:12]} 57.
Kf3 {[%emt 0:00:18]} Bg5 {[%emt 0:00:03]} 58. Bd3 {[%emt 0:00:02]} Bc1 {
[%emt 0:00:12]} 59. Ke2 {[%emt 0:00:38]} f4 {[%emt 0:00:00]} 60. Kf3 {[%emt 0:
00:22]} Kd4 {[%emt 0:00:05]} 61. Bg6 {[%emt 0:00:00]} c4 {[%emt 0:00:20]} 62.
Ke2 {[%emt 0:00:08]} Ba3 {[%emt 0:00:01]} 63. Bh7 {[%emt 0:00:10]} Bd6 {
[%emt 0:00:10]} 64. Bg6 {[%emt 0:00:00]} Kc3 {[%emt 0:00:00]} 65. Bf5 {[%emt 0:
00:04]} Kb2 {[%emt 0:00:00]} 66. Kd1 {[%emt 0:00:10]} c3 {[%emt 0:00:04]} 67.
Be4 {[%emt 0:00:11]} Bc5 {[%emt 0:00:04]} 68. Bd3 f3 0-1

[Event "European Rapid Championship 2021"]
[Site "Katowice"]
[Date "2021.12.19"]
[Round "9.27"]
[White "Parol, Pawel"]
[Black "Flasinski, Michal"]
[Result "1/2-1/2"]
[WhiteElo "2146"]
[BlackElo "2195"]
[Annotator "NA"]
[PlyCount "116"]
[EventDate "2021.12.18"]
[EventType "swiss"]
[EventCountry "POL"]
[SourceTitle "playchess.com"]
[Source "ChessBase"]
[SourceQuality "1"]
[TimeControl "900+10"]

1. d4 d5 {[%emt 0:00:01]} 2. c4 {[%emt 0:00:02]} c6 {[%emt 0:00:01]} 3. Nf3 {
[%emt 0:00:10]} Nf6 {[%emt 0:00:02]} 4. e3 {[%emt 0:00:00]} Bg4 {[%emt 0:00:06]
} 5. Qb3 {[%emt 0:00:08]} Qb6 {[%emt 0:00:25]} 6. c5 {[%emt 0:01:21]} Qc7 {
[%emt 0:00:09]} 7. Ne5 {[%emt 0:01:07]} Nbd7 {[%emt 0:00:47]} 8. Nxg4 {[%emt 0:
00:23]} Nxg4 {[%emt 0:00:02]} 9. Be2 {[%emt 0:00:08]} Ngf6 {[%emt 0:00:25]} 10.
Nc3 {[%emt 0:00:45]} e5 {[%emt 0:00:13]} 11. O-O {[%emt 0:01:11]} Be7 {[%emt 0:
00:06]} 12. Bd2 {[%emt 0:01:23]} O-O {[%emt 0:00:03]} 13. Qc2 {[%emt 0:00:14]}
Ne8 {[%emt 0:02:29]} 14. b4 {[%emt 0:01:00]} Bf6 {[%emt 0:00:05]} 15. Qd3 {
[%emt 0:00:44]} g6 {[%emt 0:00:24]} 16. f4 {[%emt 0:01:10]} exd4 {[%emt 0:02:
21]} 17. exd4 {[%emt 0:00:01]} Ng7 {[%emt 0:00:02]} 18. Bg4 {[%emt 0:00:31]}
Rae8 {[%emt 0:00:29]} 19. f5 {[%emt 0:00:50]} g5 {[%emt 0:00:24]} 20. h4 {
[%emt 0:02:31]} h6 {[%emt 0:00:44]} 21. hxg5 {[%emt 0:00:50]} hxg5 {[%emt 0:00:
06]} 22. Rf3 {[%emt 0:00:57]} Re7 {[%emt 0:00:55]} 23. Rh3 {[%emt 0:00:44]} Ne8
{[%emt 0:02:37]} 24. Kf2 {[%emt 0:00:27]} Bg7 {[%emt 0:01:37]} 25. f6 {[%emt 0:
02:05]} Ndxf6 {[%emt 0:00:32]} 26. Bf5 {[%emt 0:00:02]} g4 {[%emt 0:00:55]} 27.
Rh4 {[%emt 0:00:41]} g3+ {[%emt 0:00:16]} 28. Kg1 {[%emt 0:00:04]} Re4 {
[%emt 0:00:34]} 29. Nxe4 {[%emt 0:00:11]} dxe4 {[%emt 0:00:09]} 30. Bxe4 {
[%emt 0:00:18]} Nxe4 {[%emt 0:00:47]} 31. Qxe4 {[%emt 0:00:01]} f5 {[%emt 0:00:
31]} 32. Qe6+ {[%emt 0:00:14]} Qf7 {[%emt 0:00:01]} 33. Re1 {[%emt 0:00:13]}
Nc7 {[%emt 0:00:34]} 34. Qxf7+ {[%emt 0:00:12]} Kxf7 {[%emt 0:00:02]} 35. Bc3 {
[%emt 0:00:11]} Nd5 {[%emt 0:00:07]} 36. Bb2 {[%emt 0:00:08]} Nxb4 {[%emt 0:00:
28]} 37. Re3 {[%emt 0:00:11]} Nd5 {[%emt 0:00:31]} 38. Rxg3 {[%emt 0:00:04]} f4
{[%emt 0:00:03]} 39. Rgg4 {[%emt 0:00:17]} Re8 {[%emt 0:00:12]} 40. Rh7 {
[%emt 0:00:08]} Rg8 {[%emt 0:00:03]} 41. Kf2 {[%emt 0:00:11]} Nf6 {[%emt 0:00:
09]} 42. Rhxg7+ {[%emt 0:00:10]} Rxg7 {[%emt 0:00:02]} 43. Rxf4 {[%emt 0:00:05]
} Rg4 {[%emt 0:00:12]} 44. Kf3 {[%emt 0:00:16]} Rxf4+ {[%emt 0:00:09]} 45. Kxf4
Nd5+ {[%emt 0:00:14]} 46. Ke5 {[%emt 0:00:16]} Ne3 {[%emt 0:00:02]} 47. Bc3 {
[%emt 0:00:13]} Nxg2 {[%emt 0:00:07]} 48. Kd6 {[%emt 0:00:02]} Ne3 {[%emt 0:00:
12]} 49. Kc7 {[%emt 0:00:10]} Nd5+ {[%emt 0:00:02]} 50. Kxb7 {[%emt 0:00:01]}
Nxc3 {[%emt 0:00:02]} 51. Kxc6 {[%emt 0:00:01]} Nxa2 {[%emt 0:00:04]} 52. Kb7 {
[%emt 0:00:34]} Nb4 {[%emt 0:00:15]} 53. c6 {[%emt 0:00:12]} Nxc6 {[%emt 0:00:
34]} 54. Kxc6 {[%emt 0:00:01]} Ke7 {[%emt 0:00:08]} 55. d5 {[%emt 0:00:19]} Kd8
{[%emt 0:00:05]} 56. d6 {[%emt 0:00:05]} a5 {[%emt 0:00:02]} 57. Kb5 {[%emt 0:
00:01]} Kd7 {[%emt 0:00:01]} 58. Kxa5 {[%emt 0:00:01]} Kxd6 1/2-1/2

[Event "European Rapid Championship 2021"]
[Site "Katowice"]
[Date "2021.12.19"]
[Round "9.28"]
[White "Kjartansson, Gudmundur"]
[Black "Liodakis, Konstantinos-Spyros"]
[Result "1-0"]
[WhiteElo "2402"]
[BlackElo "2114"]
[Annotator "NA"]
[PlyCount "77"]
[EventDate "2021.12.18"]
[EventType "swiss"]
[EventCountry "POL"]
[SourceTitle "playchess.com"]
[Source "ChessBase"]
[SourceQuality "1"]
[TimeControl "900+10"]

1. c4 {[%emt 0:00:02]} Nf6 {[%emt 0:00:28]} 2. Nc3 {[%emt 0:00:07]} g6 {
[%emt 0:00:11]} 3. e4 {[%emt 0:00:19]} d6 {[%emt 0:00:01]} 4. d4 {[%emt 0:00:
02]} Bg7 {[%emt 0:00:01]} 5. h3 {[%emt 0:00:02]} O-O {[%emt 0:00:03]} 6. Be3 {
[%emt 0:00:07]} e5 {[%emt 0:00:06]} 7. d5 {[%emt 0:00:08]} Nh5 {[%emt 0:00:13]}
8. Be2 {[%emt 0:00:46]} Nf4 {[%emt 0:00:24]} 9. Bf3 {[%emt 0:00:02]} g5 {
[%emt 0:00:55]} 10. g3 {[%emt 0:00:08]} Ng6 {[%emt 0:00:02]} 11. Qd2 {[%emt 0:
00:08]} h6 {[%emt 0:00:07]} 12. h4 {[%emt 0:00:36]} g4 {[%emt 0:00:47]} 13. Be2
{[%emt 0:00:22]} h5 {[%emt 0:00:22]} 14. f3 {[%emt 0:00:03]} f5 {[%emt 0:00:31]
} 15. exf5 {[%emt 0:00:04]} Bxf5 {[%emt 0:00:03]} 16. fxg4 {[%emt 0:00:05]}
hxg4 {[%emt 0:00:18]} 17. O-O-O {[%emt 0:00:24]} Na6 {[%emt 0:00:34]} 18. Rf1 {
[%emt 0:00:19]} Qd7 {[%emt 0:00:34]} 19. h5 {[%emt 0:00:41]} Ne7 {[%emt 0:00:
44]} 20. h6 {[%emt 0:00:03]} Bf6 {[%emt 0:00:09]} 21. Bg5 {[%emt 0:01:40]} Nc5
{[%emt 0:01:13]} 22. Rh4 {[%emt 0:02:19]} Ng6 {[%emt 0:02:56]} 23. Bxf6 Rxf6 {
[%emt 0:00:01]} 24. Rxg4 {[%emt 0:02:24]} Raf8 {[%emt 0:00:44]} 25. Qg5 {
[%emt 0:01:00]} Kh7 {[%emt 0:00:13]} 26. b4 {[%emt 0:03:52]} Bxg4 {[%emt 0:00:
26]} 27. Rxf6 {[%emt 0:00:12]} Rxf6 {[%emt 0:00:02]} 28. Qxf6 {[%emt 0:00:01]}
Bxe2 {[%emt 0:00:03]} 29. Ngxe2 {[%emt 0:00:12]} Nd3+ {[%emt 0:00:08]} 30. Kd2
{[%emt 0:00:03]} Nxb4 {[%emt 0:00:12]} 31. Ne4 {[%emt 0:02:15]} Qe7 {[%emt 0:
00:57]} 32. Qf5 {[%emt 0:00:58]} Kxh6 {[%emt 0:00:42]} 33. g4 {[%emt 0:00:18]}
Qf8 {[%emt 0:03:05]} 34. g5+ {[%emt 0:00:18]} Kg7 {[%emt 0:00:10]} 35. Nf6 {
[%emt 0:00:02]} Qf7 {[%emt 0:00:30]} 36. Ng3 {[%emt 0:00:09]} Na6 {[%emt 0:01:
05]} 37. Ngh5+ {[%emt 0:00:20]} Kh8 {[%emt 0:00:40]} 38. Qc8+ {[%emt 0:00:01]}
Nf8 {[%emt 0:00:07]} 39. g6 {[%emt 0:00:06]} 1-0